000 00320nam a2200133Ia 4500
100 _aGallagher/C.A/ Watson/H
942 _cBK
654 _aquantitative
245 _aQuantitave methods for business decisions
260 _bMcGraw Hill
_aNew York
_c1985
082 _a658.4033
_bGAL
300 _a604
546 _aENGLISH
999 _c20299
_d20299